| 000 | 00000nam 2200000za 4500 |
| 001 | 9.698079 |
| 003 | CaOODSP |
| 005 | 20210624235751 |
| 007 | cr ||||||||||| |
| 008 | 150407|1999||||xxc|||||o f|0| 0 eng d |
| 040 | |aCaOODSP|beng |
| 043 | |an-cn--- |
| 086 | 1 |aSE31-28/1998E-PDF |
| 245 | 00|aServing democracy |h[electronic resource] : |ba strategic plan, 1999-2002. |
| 260 | |aOttawa : |bElections Canada, |c[1999]. |
| 300 | |a18 p. : |bgraphs, photographs |
| 500 | |aThe catalogue number (SE31-28/1998) and ISBN (0-662-64014-4) for the bilingual print edition have been incorrectly copied in this electronic publication. |
| 590 | |a13-15-Supp|b2013-06-24 |
| 690 | 07|aElections|2gcpds |
| 710 | 2 |aElections Canada. |
| 775 | 08|tAu service de la démocratie |w(CaOODSP)9.642075 |
| 776 | 0#|tServing democracy : |w(CaOODSP)9.661261 |
| 776 | 0#|tAu service de la démocratie : |w(CaOODSP)9.661262 |
| 856 | 40|ahttp://publications.gc.ca|qPDF|s394 KB|uhttps://publications.gc.ca/collections/Collection/SE31-28-1998E.pdf |
| 986 | |aEC 08901 |